Juna-asemat kartalla - Kaakkois-Suomi - Statistics

Yleistilastot
  • Tätä visaa on pelattu 189 kertaa
  • Keskiarvotulos 21 / 40
Vastaukset kartalla
Vastauksille on annettu kartalla punavihreä väri sen mukaan, kuinka moni on saanut sen oikein.
 
Vastaustilastot
Vastaus % Oikein
Kouvola
98%
Kotka
95%
Lappeenranta
94%
Imatra
91%
Lahti
91%
Mikkeli
86%
Savonlinna
79%
Parikkala
76%
Joutseno
70%
Mäntsälä
66%
Nastola
63%
Mäntyharju
61%
Simpele
58%
Kotkan satama
56%
Kymi
56%
Inkeroinen
52%
Myllykoski
52%
Punkaharju
51%
Kesälahti
50%
Koria
50%
Henna
48%
Vainikkala
47%
Kausala
45%
Kerimäki
39%
Oitti
39%
Hikiä
38%
Haarajoki
37%
Mommila
37%
Kyminlinna
36%
Järvelä
35%
Herrala
34%
Uusikylä
34%
Villähde
33%
Hillosensalmi
29%
Paimenportti
28%
Lusto
27%
Retretti
27%
Lappila
25%
Tavastila
23%
Pääskylahti
21%
Ehtoja vastaavia visoja ei löytynyt
Tulosjakauma
Jokaisen tuloksen saaneiden osuus
Persentiili vastausten määrän mukaan
Tuloshistoriasi
Et ole pelannut tätä visaa